| 000 | 00810nam a2200169 a 4500 | ||
|---|---|---|---|
| 008 | 100916s1987 ||||||||||||||||| || u | ||
| 020 | _a0850923115 | ||
| 050 | _aCOMM(02) | ||
| 110 | _aCommonwealth Secretariat | ||
| 245 | 1 | 0 | _aTowards a commonwealth of learning: a proposal to create the University of the commonwealth for co-operation in distance education: report of the expert group on commonwealth co-operation in distance education and open learning |
| 260 |
_aLondon: _bCommonwealth Secretariat _c1987 |
||
| 300 | _aix, 82p.: ill. | ||
| 350 | _a0.00 | ||
| 650 | _aDISTANCE EDUCATION | ||
| 650 | 0 | _aEDUCATIONAL TESTS AND MEASUREMENTS | |
| 995 |
_D0.00 _FCBU-MAIN LIBRARY (Kitwe) _H1 _I0.00 _M1 _UAVAILABLE _WSep 16, 2010 _ZInternational Publications |
||
| 999 |
_c60043 _d60043 |
||